00287pam a2200121 a 4500020000500000041000800005082001700013100003100030245005800061250001000119260002300129300001300152 c aeng a574.293bCRO aCrowe James ,eBoraschi D. aAntibodies For Infections Disoses hTextual Documents a2015. a[s.l]:bASM Press  a457 pg .